000 00448nam a22001817a 4500
003 LK-CoDNM
005 20250129103114.0
008 250129b |||||||| |||| 00| 0 eng d
040 _aLK-CoDNM
_dLK-CoDNM
_eLK-CoDNM
041 _aeng
080 _a13
_bJJ24
100 _aHuxley, Julian
245 _aEvolution in action
260 _aLondon
_bChatto and Windus
_c1953
300 _aix, 159p. : ill ; 19 cm
650 _aAnimals
942 _cBK
999 _c237569
_d237569